History Quiz

Random History or Mythology Quiz

Roman vs Greek Gods Quiz Stats

 Plays Quiz not verified by Sporcle

Score 0/30 Timer 04:00
0 Plays Today
Roman God Greek God % Correct
JupiterZeus
98.4%
NeptunePoseidon
91.6%
PlutoHades
87.5%
MarsAres
86.7%
VenusAphrodite
86%
JunoHera
84.3%
ApolloApollo
81.2%
MercuryHermes
79.6%
MinervaAthena
77.8%
DianaArtemis
69.1%
VestaHestia
63.2%
VulcanHephaestus
61.9%
BacchusDionysus
59.7%
CupidEros
55.6%
CeresDemeter
48.5%
Roman God Greek God % Correct
TerraGaea
44.2%
SaturnCronus
42.7%
VictoriaNike
33.7%
SolHelios
31.8%
FaunusPan
29.9%
UranusUranus
22.1%
SomnusHypnos
18.8%
DiscordiaEris
16.3%
OpsRhea
10.1%
AesculapiusAsclepius
9.3%
MoiraeMoirai
9.3%
FortunaTyche
7%
DiraeErinyes
5.7%
GratiaeCharites
4.9%
HoraeHorai
4.4%

You're not logged in!

Compare scores with friends on all Sporcle quizzes.
OR
Log In

Show Comments

Extras

Created Aug 3, 2010ReportNominate
Tags:Mythology Quiz, god, Greek, roman

Top Quizzes Today


Score Distribution

Your Account Isn't Verified!

In order to create a playlist on Sporcle, you need to verify the email address you used during registration. Go to your Sporcle Settings to finish the process.

Report this User

Report this user for behavior that violates our Community Guidelines.

Details: